000 00747nam a2200241 a 4500
001 16361
003 CO-ViMGA
008 141112s2004 ck r 000 u spa d
020 _a9586533395
040 _aCO-ViMGA
_bspa
_cCO-ViMGA
082 0 4 _a657.6 C657p - 2003
100 1 _aColombia - Contaduria general de la Nación,
_923402
245 1 0 _aPlan general de contabilidad pública - 2003
250 _a4
260 _aBogotá :
_bLegis,
_c2003
300 _a808.p.
590 _aForma de adquisición : Premio - Mincultura
650 1 4 _aCOLOMBIA - ADMINISTRACION PUBLICA
_918498
650 1 4 _aCONTABILIDAD PUBLICA
_910440
650 1 4 _aFINANZAS PUBLICAS
650 1 4 _aHACIENDA PUBLICA - CONTABILIDAD - COLOMBIA
_920834
942 _2ddc
_cBK
999 _c26241
_d26241